Piłkarze Warty Poznań - nagła śmierć - Statystyki

Ogólne statystyki
  • Ten quiz został rozwiązany 18 razy
    11 od ostatniego zresetowania
  • Średni wynik to 11 z 20
Answers on the Grid
Answers color-coded by a green-red scale on the quiz's grid according to % correct below.
Marcel Wędrychowski
Bartosz Bereszyński
Janusz Niedźwiedź
Jędrzej Grobelny
Makana Baku
Kacper Smoliński
Kacper Chodyna
Damian Gąska
Bartosz Jaroch
Kamil Drygas
Krzysztof Drzazga
Szymon Lewkot
Dawid Kocyła
Adrian Gryszkiewicz
Jakub Bieroński
Robert Janicki
Marko Kolar
Michał Feliks
Jan Grzesik
Kamil Zapolnik
Kacper Rosa
Daniel Bielica
Robert Kolendowicz
Florian Krygier
Jakub Arak
Rafał Adamski
Sebastian Bergier
Łukasz Trałka
Maik Nawrocki
Bartłomiej Kwiecień
Maciej Żurawski
Tomasz Dejewski
Hubert Adamczyk
Bogdan Țîru
Kamil Biliński
Szymon Czyż
Kamil Dankowski
Norbert Wojtuszek
Jakub Rzeźniczak
Paweł Olszewski
 
Statystyki odpowiedzi
Odpowiedź % Poprawnych
Jan Grzesik
100%
Jędrzej Grobelny
100%
Łukasz Trałka
100%
Makana Baku
100%
Maciej Żurawski
86%
Szymon Czyż
86%
Bogdan Țîru
71%
Daniel Bielica
71%
Adrian Gryszkiewicz
57%
Bartosz Bereszyński
57%
Michał Feliks
57%
Rafał Adamski
57%
Tomasz Dejewski
57%
Damian Gąska
43%
Maik Nawrocki
43%
Krzysztof Drzazga
29%
Robert Janicki
29%
Florian Krygier
0%
Janusz Niedźwiedź
0%
Robert Kolendowicz
0%
Nie znaleziono quizów pasujących do podanych kryteriów
Rozkład punktacji
Procent ludzi z każdym wynikiem
Percentyl według liczby udzielonych odpowiedzi
Twoja historia wyników
Nie rozwiązałeś tego quizu od ostatniego zresetowania